Les joueurs français nommés au Ballon d'or - Statistiques

Statistiques générales
  • Ce quiz a été pris 768 fois
    751 depuis la dernière actualisation
  • Le résultat moyen est 25 sur 67
Statistiques - réponses
Réponse % Correct
Zidane
94%
Henry
89%
Platini
88%
Benzema
86%
Ribéry
83%
Barthez
78%
Papin
75%
Trezeguet
75%
Blanc
73%
Deschamps
73%
Thuram
72%
Kopa
70%
Desailly
67%
Fontaine
67%
Petit
67%
Pogba
67%
Cantona
66%
Lizarazu
65%
Vieira
59%
Makelele
55%
Pires
52%
Giresse
51%
Anelka
46%
Wiltord
46%
Trésor
45%
Lama
43%
Tigana
43%
Abidal
42%
Malouda
42%
Sagnol
41%
Fernandez
40%
Ginola
38%
Coupet
36%
Karembeu
36%
Rocheteau
36%
Gourcuff
34%
Gallas
33%
Amoros
29%
Cisse
29%
Boli
28%
Giuly
26%
Bossis
21%
Candela
20%
Six
19%
Micoud
14%
Piantoni
14%
Sauzée
14%
Angloma
13%
Guérin
12%
Carriere
9%
Janvion
8%
Jean Djorkaeff
8%
Youri Djorkaeff
8%
Herbin
7%
Bathenay
6%
Jonquet
6%
Marche
6%
Martini
6%
Muller
6%
Combín
5%
Gondet
4%
Guillou
4%
Bernard
3%
Gress
3%
Cisowski
2%
Lerond
2%
Ujlaki
2%
Aucun quiz correspondant
Distribution des résultats
% des personnes avec chaque résultat
Percentile par nombre de réponses
Votre historique - résultats
Vous n’avez pas pris ce quiz depuis la dernière actualisation